Առաջին ոգնությունը անասուններին յեվ թռչուններին / (Record no. 190407)
[ view plain ]
| 000 -LEADER | |
|---|---|
| fixed length control field | 00743nam a2200217 u 4500 |
| 003 - CONTROL NUMBER IDENTIFIER | |
| control field | AM-YeHGA |
| 040 ## - CATALOGING SOURCE | |
| Original cataloging agency | AM-YeHGA |
| 090 ## - LOCALLY ASSIGNED LC-TYPE CALL NUMBER (OCLC); LOCAL CALL NUMBER (RLIN) | |
| -- | 191875 |
| 001 - CONTROL NUMBER | |
| control field | 000512111 |
| 005 - DATE AND TIME OF LATEST TRANSACTION | |
| control field | 20250618072732.0 |
| 008 - FIXED-LENGTH DATA ELEMENTS--GENERAL INFORMATION | |
| fixed length control field | 061201s1930 ai r 000 0 arm d |
| 041 0# - LANGUAGE CODE | |
| Language code of text/sound track or separate title | arm |
| 100 1# - MAIN ENTRY--PERSONAL NAME | |
| Personal name | Դոնդարյան, Ս. |
| 245 10 - TITLE STATEMENT | |
| Title | Առաջին ոգնությունը անասուններին յեվ թռչուններին / |
| Statement of responsibility, etc. | Ս. Դոնդարյան; ՀՍԽՀ հողժողկոմատ. |
| 260 ## - PUBLICATION, DISTRIBUTION, ETC. | |
| Place of publication, distribution, etc. | Յերեվան : |
| Name of publisher, distributor, etc. | Պետհրատ, |
| Date of publication, distribution, etc. | 1930. |
| 300 ## - PHYSICAL DESCRIPTION | |
| Extent | 16 էջ ; |
| Dimensions | 18 սմ. |
| 440 #0 - SERIES STATEMENT/ADDED ENTRY--TITLE | |
| Title | Գյուղացու գրադարան |
| Volume/sequential designation | N 69 |
| 9 (RLIN) | 5233 |
| 650 14 - SUBJECT ADDED ENTRY--TOPICAL TERM | |
| Topical term or geographic name entry element | Անասնաբուծություն |
| 9 (RLIN) | 5219 |
| 710 2# - ADDED ENTRY--CORPORATE NAME | |
| Corporate name or jurisdiction name as entry element | ՀՍԽՀ հողժողկոմատ |
| 942 ## - ADDED ENTRY ELEMENTS (KOHA) | |
| Source of classification or shelving scheme | Universal Decimal Classification |
| Koha item type | Գրքեր / Books |
| Withdrawn status | Lost status | Damaged status | Not for loan | Collection | Home library | Current library | Date acquired | Cost, normal purchase price | Total checkouts | Full call number | Barcode | Date last seen | Price effective from | Koha item type | Public note | Source of classification or shelving scheme |
|---|---|---|---|---|---|---|---|---|---|---|---|---|---|---|---|---|
| General | Fundamental Scientific Library | Fundamental Scientific Library | 28/12/2016 | 3.00 | AI/4426 | FL0039907 | 28/12/2016 | 28/12/2016 | Գրքեր / Books | 30 Days Loan | ||||||
| Kusikian Individual Collection | Fundamental Scientific Library | Fundamental Scientific Library | 15/06/2020 | Կուս/568 | FL0624370 | 15/06/2020 | 15/06/2020 | Գրքեր / Books | ILL Non-Circ. | Universal Decimal Classification | ||||||
| Kusikian Individual Collection | Fundamental Scientific Library | Fundamental Scientific Library | 15/06/2020 | Կուս/569 | FL0624371 | 15/06/2020 | 15/06/2020 | Գրքեր / Books | ILL Non-Circ. | Universal Decimal Classification |
ՀՀ Գիտությունների ազգային ակադեմիայի հիմնարար գիտական գրադարան = Fundamental Scientific Library of NAS RA
All site content, except where otherwise noted, is licensed under a